000 00568nam a22001817a 4500
005 20250327145550.0
008 250327b |||||||| |||| 00| 0 eng d
020 _a9781032230528
041 _aeng
082 _a343.730 WAN
100 _aWang, Zhiqiong June
245 _aInternational Trade Regulation: Evolving Dynamics and Shifting Foundations
260 _aLodon
_bRoutledge
_c2023
300 _a134;. pages: 22 cm
650 _aLaw And Legislation; Foreign Trade Regulation; International Business and Law Series
700 _aChen, Jianfu
942 _cBK
999 _c43446
_d43446